| 000 | 00509nam a2200181Ia 4500 | ||
|---|---|---|---|
| 008 | 220216s9999 xx 000 0 und d | ||
| 100 | _aGeorge S | ||
| 245 | 0 | _aRole of agro-management techniques in reducing the immature phase of natural rubber cultivation | |
| 260 |
_bJournal of Plantation Crops _c2013 |
||
| 300 | _a22-27 | ||
| 650 | _aAgro-management techniques | ||
| 650 | _agrowth | ||
| 650 | _aHevea | ||
| 650 | _aimmaturity period | ||
| 700 | _aIdicula S.P | ||
| 700 | _aMeti S | ||
| 942 | _cBS | ||
| 999 |
_c48558 _d48558 |
||